Clicking Biggest Neighbor States Quiz Stats

 Plays Quiz Updated Jul 30, 2016

Score 0/10 Timer 06:00
15 Plays Today
% Correct
TX
97.5%
CA
95.3%
MT
92.2%
NY
76.8%
MN
70.8%
AK
68.2%
ME
64.4%
HI
50.6%
GA
47.9%
MI
38.1%

You're not logged in!

Compare scores with friends on all Sporcle quizzes.
OR
Log In

You Might Also Like...

Show Comments

Extras

Top Quizzes Today


Score Distribution

Your Account Isn't Verified!

In order to create a playlist on Sporcle, you need to verify the email address you used during registration. Go to your Sporcle Settings to finish the process.

Report this User

Report this user for behavior that violates our Community Guidelines.

Details: